[Event "Irena Warakomska Memorial B"]
[Site "Suwalki"]
[Date "2020.08.06"]
[Round "1"]
[White "Jasiulewicz, Dawid"]
[Black "Szwaj, Jacek"]
[Result "0-1"]
[Board "1"]
[WhiteElo "1379"]
[WhiteCountry "POL"]
[WhiteFideId "21881375"]
[WhiteEloChange "-2"]
[BlackElo "1983"]
[BlackCountry "POL"]
[BlackFideId "1147919"]
[BlackEloChange "2"]

1. d4 {[%clk 1:30:57]} Nf6 {[%clk 1:28:43]} 2. c4 {[%clk 1:30:53]} d6 {[%clk
1:29:04]} 3. Nc3 {[%clk 1:30:39]} Nbd7 {[%clk 1:29:27]} 4. Nf3 {[%clk 1:30:27]}
e5 {[%clk 1:29:32]} 5. dxe5 {[%clk 1:29:40]} dxe5 {[%clk 1:29:47]} 6. Bg5 {[%clk
1:26:34]} c6 {[%clk 1:28:50]} 7. Qc2 {[%clk 1:24:08]} Bb4 {[%clk 1:26:44]} 8. e4
{[%clk 1:17:43]} Qa5 {[%clk 1:24:31]} 9. Bd3 {[%clk 1:14:40]} O-O {[%clk
1:22:16]} 10. O-O {[%clk 1:13:25]} Bxc3 {[%clk 1:22:19]} 11. Qxc3 {[%clk
1:13:16]} Qxc3 {[%clk 1:22:41]} 12. bxc3 {[%clk 1:13:36]} Re8 {[%clk 1:23:00]}
13. Nd2 {[%clk 1:09:53]} Nc5 {[%clk 1:18:07]} 14. Bc2 {[%clk 1:08:13]} Nfd7
{[%clk 1:17:49]} 15. Be3 {[%clk 1:03:09]} Ne6 {[%clk 1:16:17]} 16. Nb3 {[%clk
0:53:36]} b6 {[%clk 1:13:03]} 17. Rfd1 {[%clk 0:51:05]} Kf8 {[%clk 1:09:45]} 18.
Rd6 {[%clk 0:48:14]} Ke7 {[%clk 1:09:43]} 19. Rad1 {[%clk 0:47:00]} c5 {[%clk
1:09:07]} 20. Nc1 {[%clk 0:45:22]} Rd8 {[%clk 1:07:05]} 21. Ba4 {[%clk 0:44:45]}
Nb8 {[%clk 1:06:52]} 22. Rxd8 {[%clk 0:40:05]} Nxd8 {[%clk 1:07:08]} 23. Nd3
{[%clk 0:38:11]} Nbc6 {[%clk 1:01:43]} 24. f4 {[%clk 0:33:18]} Be6 {[%clk
0:59:02]} 25. Bb3 {[%clk 0:26:20]} Nb7 {[%clk 0:50:53]} 26. f5 {[%clk 0:19:44]}
Bd7 {[%clk 0:50:55]} 27. g4 {[%clk 0:18:57]} f6 {[%clk 0:49:52]} 28. h4 {[%clk
0:18:35]} Nca5 {[%clk 0:50:04]} 29. Nb2 {[%clk 0:16:39]} Bc6 {[%clk 0:49:56]} 30.
Rd5 {[%clk 0:08:28]} Nd6 {[%clk 0:49:28]} 31. Ba4 {[%clk 0:04:49]} Bxd5 {[%clk
0:47:23]} 32. cxd5 {[%clk 0:05:11]} Nxe4 {[%clk 0:47:30]} 0-1

[Event "Irena Warakomska Memorial B"]
[Site "Suwalki"]
[Date "2020.08.06"]
[Round "1"]
[White "Kiolbasa, Damian"]
[Black "Wydornik, Robert"]
[Result "1-0"]
[Board "2"]
[WhiteElo "1973"]
[WhiteCountry "POL"]
[WhiteFideId "1146688"]
[WhiteEloChange "2"]
[BlackElo "1357"]
[BlackCountry "POL"]
[BlackFideId "1140256"]
[BlackEloChange "-2"]

1. e4 {[%clk 1:30:57]} e5 {[%clk 1:30:52]} 2. Nc3 {[%clk 1:31:12]} Nf6 {[%clk
1:31:14]} 3. Bc4 {[%clk 1:31:35]} d6 {[%clk 1:28:54]} 4. d3 {[%clk 1:31:09]} Nc6
{[%clk 1:29:03]} 5. f4 {[%clk 1:31:31]} exf4 {[%clk 1:28:12]} 6. Bxf4 {[%clk
1:31:46]} Na5 {[%clk 1:25:49]} 7. Bb3 {[%clk 1:31:08]} Nxb3 {[%clk 1:24:45]} 8.
axb3 {[%clk 1:31:35]} Be7 {[%clk 1:23:39]} 9. Nge2 {[%clk 1:31:43]} O-O {[%clk
1:23:04]} 10. O-O {[%clk 1:32:10]} Nh5 {[%clk 1:15:58]} 11. Be3 {[%clk 1:32:38]}
Bg5 {[%clk 1:05:21]} 12. Qd2 {[%clk 1:31:41]} h6 {[%clk 1:03:04]} 13. Bxg5 {[%clk
1:31:14]} Qxg5 {[%clk 1:03:59]} 14. Qxg5 {[%clk 1:31:07]} hxg5 {[%clk 1:04:27]}
15. Nb5 {[%clk 1:31:10]} Bd7 {[%clk 0:51:40]} 16. Nxc7 {[%clk 1:27:04]} Rac8
{[%clk 0:48:17]} 17. Nd5 {[%clk 1:27:32]} Rxc2 {[%clk 0:46:58]} 18. Nd4 {[%clk
1:28:00]} Rd2 {[%clk 0:39:11]} 19. Rfd1 {[%clk 1:22:12]} Rxd1+ {[%clk 0:36:59]}
20. Rxd1 {[%clk 1:22:40]} Nf4 {[%clk 0:34:37]} 21. Nxf4 {[%clk 1:19:34]} gxf4
{[%clk 0:35:05]} 22. Rc1 {[%clk 1:20:03]} Rc8 {[%clk 0:33:39]} 23. Rxc8+ {[%clk
1:20:19]} Bxc8 {[%clk 0:34:08]} 24. Nb5 {[%clk 1:20:45]} Be6 {[%clk 0:29:02]} 25.
Nxd6 {[%clk 1:21:00]} Bxb3 {[%clk 0:29:19]} 26. Nxb7 {[%clk 1:21:28]} Bc2 {[%clk
0:29:22]} 27. Nc5 {[%clk 1:21:56]} Kf8 {[%clk 0:29:12]} 28. Kf2 {[%clk 1:22:21]}
Ke7 {[%clk 0:29:10]} 29. e5 {[%clk 1:21:26]} f6 {[%clk 0:24:01]} 30. exf6+ {[%clk
1:21:45]} Kxf6 {[%clk 0:23:19]} 31. Ke2 {[%clk 1:22:13]} Ke5 {[%clk 0:22:04]} 32.
Kd2 {[%clk 1:22:41]} Bb1 {[%clk 0:22:03]} 33. Kc3 {[%clk 1:22:42]} Kd5 {[%clk
0:21:15]} 34. Ne4 {[%clk 1:22:25]} Ke5 {[%clk 0:18:47]} 35. b3 {[%clk 1:22:40]}
Kd5 {[%clk 0:18:27]} 36. Nd2 {[%clk 1:22:16]} Ba2 {[%clk 0:17:53]} 37. Kc2 {[%clk
1:18:53]} Kd4 {[%clk 0:16:25]} 38. Nf3+ {[%clk 1:19:12]} Ke3 {[%clk 0:16:46]} 39.
d4 {[%clk 1:49:36]} Kf2 {[%clk 0:46:46]} 40. d5 {[%clk 1:49:42]} Kxg2 {[%clk
0:47:09]} 41. Nd2 {[%clk 1:50:05]} 1-0

[Event "Irena Warakomska Memorial B"]
[Site "Suwalki"]
[Date "2020.08.06"]
[Round "1"]
[White "Cwiek, Stefan"]
[Black "Ryszkiewicz, Adam"]
[Result "0-1"]
[Board "3"]
[WhiteElo "1349"]
[WhiteCountry "POL"]
[WhiteFideId "21857628"]
[WhiteEloChange "-2"]
[BlackElo "1941"]
[BlackCountry "POL"]
[BlackFideId "1141457"]
[BlackEloChange "2"]

1. e4 {[%clk 1:30:30]} e5 {[%clk 1:30:30]} 2. Nf3 {[%clk 1:30:30]} Nc6 {[%clk
1:30:30]} 3. Bc4 {[%clk 1:30:30]} Nf6 {[%clk 1:30:30]} 4. Ng5 {[%clk 1:30:36]} d5
{[%clk 1:30:56]} 5. exd5 {[%clk 1:30:49]} Na5 {[%clk 1:31:21]} 6. Bb5+ {[%clk
1:31:01]} c6 {[%clk 1:31:46]} 7. dxc6 {[%clk 1:31:18]} bxc6 {[%clk 1:32:11]} 8.
Bd3 {[%clk 1:31:16]} Bc5 {[%clk 1:31:42]} 9. O-O {[%clk 1:28:43]} O-O {[%clk
1:31:31]} 10. Nc3 {[%clk 1:27:43]} h6 {[%clk 1:28:31]} 11. Nge4 {[%clk 1:27:40]}
Nxe4 {[%clk 1:28:49]} 12. Nxe4 {[%clk 1:27:08]} Bb6 {[%clk 1:29:03]} 13. b4
{[%clk 1:21:17]} Nb7 {[%clk 1:29:28]} 14. a4 {[%clk 1:16:32]} f5 {[%clk 1:28:43]}
15. Bc4+ {[%clk 1:14:44]} Kh8 {[%clk 1:28:04]} 16. Nc3 {[%clk 1:14:14]} Qd4
{[%clk 1:23:52]} 17. Ba6 {[%clk 1:10:00]} Nd6 {[%clk 1:15:49]} 18. Bxc8 {[%clk
1:09:03]} Raxc8 {[%clk 1:15:58]} 19. Rb1 {[%clk 1:04:19]} f4 {[%clk 1:12:22]} 20.
a5 {[%clk 0:58:24]} Bc7 {[%clk 1:09:10]} 21. Ne2 {[%clk 0:57:53]} Qd5 {[%clk
1:09:29]} 22. f3 {[%clk 0:55:01]} Rb8 {[%clk 1:06:32]} 23. d3 {[%clk 0:49:45]}
Rfd8 {[%clk 0:59:12]} 24. Ba3 {[%clk 0:46:39]} Nf5 {[%clk 0:58:23]} 25. Qd2
{[%clk 0:43:11]} Ne3 {[%clk 0:58:13]} 26. Rfc1 {[%clk 0:41:31]} Rd6 {[%clk
0:51:12]} 27. Kf2 {[%clk 0:36:31]} Rg6 {[%clk 0:50:43]} 28. g4 {[%clk 0:33:54]}
e4 {[%clk 0:45:42]} 29. fxe4 {[%clk 0:25:43]} Nxg4+ {[%clk 0:45:54]} 30. Ke1
{[%clk 0:25:21]} Qg5 {[%clk 0:45:27]} 31. Nd4 {[%clk 0:24:35]} Qh4+ {[%clk
0:45:45]} 32. Kd1 {[%clk 0:23:29]} Ne3+ {[%clk 0:46:07]} 33. Ke2 {[%clk 0:23:51]}
Rg2+ {[%clk 0:46:31]} 34. Kf3 {[%clk 0:23:58]} Qg4# {[%clk 0:46:31]} 0-1

[Event "Irena Warakomska Memorial B"]
[Site "Suwalki"]
[Date "2020.08.06"]
[Round "1"]
[White "Obolonin, Filipp"]
[Black "Wysocka, Edyta"]
[Result "1-0"]
[Board "6"]
[WhiteElo "1880"]
[WhiteCountry "EST"]
[WhiteFideId "4505549"]
[WhiteEloChange "2"]
[BlackElo "1318"]
[BlackCountry "POL"]
[BlackFideId "21836663"]
[BlackEloChange "-2"]

1. d4 {[%clk 1:30:30]} d5 {[%clk 1:30:30]} 2. Nf3 {[%clk 1:30:30]} e6 {[%clk
1:30:30]} 3. g3 {[%clk 1:30:30]} Nf6 {[%clk 1:30:30]} 4. Bg2 {[%clk 1:30:30]} Be7
{[%clk 1:30:30]} 5. O-O {[%clk 1:30:30]} O-O {[%clk 1:30:30]} 6. c4 {[%clk
1:30:30]} c6 {[%clk 1:30:30]} 7. Nc3 {[%clk 1:30:30]} Nbd7 {[%clk 1:30:30]} 8.
Qc2 {[%clk 1:30:30]} Re8 {[%clk 1:30:30]} 9. Rd1 {[%clk 1:30:30]} Nf8 {[%clk
1:30:30]} 10. b3 {[%clk 1:30:30]} Ng6 {[%clk 1:30:30]} 11. Bg5 {[%clk 1:30:30]}
Nd7 {[%clk 1:30:30]} 12. Bxe7 {[%clk 1:30:30]} Qxe7 {[%clk 1:30:30]} 13. e4
{[%clk 1:30:30]} Nf6 {[%clk 1:30:30]} 14. Re1 {[%clk 1:30:30]} Qd8 {[%clk
1:30:30]} 15. Rad1 {[%clk 1:30:30]} Bd7 {[%clk 1:30:30]} 16. Ne5 {[%clk 1:30:30]}
Ne7 {[%clk 1:30:30]} 17. Nxd7 {[%clk 1:30:30]} Qxd7 {[%clk 1:30:30]} 18. e5
{[%clk 1:30:30]} Ng4 {[%clk 1:30:30]} 19. h3 {[%clk 1:30:30]} Nh6 {[%clk
1:30:30]} 20. g4 {[%clk 1:30:30]} Rf8 {[%clk 1:30:30]} 21. Ne2 {[%clk 1:30:30]}
Kh8 {[%clk 1:30:30]} 22. f4 {[%clk 1:30:30]} Nhg8 {[%clk 1:30:30]} 23. Ng3 {[%clk
1:30:30]} f6 {[%clk 1:30:30]} 24. f5 {[%clk 1:30:30]} exf5 {[%clk 1:30:30]} 25.
e6 {[%clk 1:30:30]} Qd6 {[%clk 1:30:30]} 26. Nxf5 {[%clk 1:30:30]} Nxf5 {[%clk
1:30:30]} 27. gxf5 {[%clk 1:30:30]} Ne7 {[%clk 1:30:30]} 28. Rf1 {[%clk 1:30:30]}
g6 {[%clk 1:30:30]} 29. fxg6 {[%clk 1:30:30]} Nxg6 {[%clk 1:30:30]} 30. cxd5
{[%clk 1:30:30]} cxd5 {[%clk 1:30:30]} 31. Rde1 {[%clk 1:30:30]} Rae8 {[%clk
1:30:30]} 32. Qf5 {[%clk 1:30:30]} Ne7 {[%clk 1:30:30]} 33. Qh5 {[%clk 1:30:30]}
Nc6 {[%clk 1:30:30]} 34. Rxf6 {[%clk 1:30:30]} Rxf6 {[%clk 1:30:30]} 35. Qxe8+
{[%clk 1:30:30]} Rf8 {[%clk 1:30:30]} 36. Qh5 {[%clk 1:30:30]} Qf4 {[%clk
1:30:30]} 37. Kh1 {[%clk 1:30:30]} Qg3 {[%clk 1:30:30]} 38. Rg1 {[%clk 1:30:30]}
Qd6 {[%clk 1:30:30]} 39. Bxd5 {[%clk 1:30:30]} Nxd4 {[%clk 1:30:30]} 40. Be4
{[%clk 1:30:30]} Qc7 {[%clk 1:30:30]} 41. Bxh7 {[%clk 1:30:30]} Qc6+ {[%clk
1:30:30]} 42. Be4# {[%clk 1:30:30]} 1-0

[Event "IV Miedzynarodowy Memorial Ireny Warakom"]
[Site "Suwalki"]
[Date "2020.08.06"]
[Round "1.15"]
[White "Dietrich, Grzegorz"]
[Black "Kotarski, Bartosz"]
[Result "0-1"]
[WhiteElo "1189"]
[BlackElo "1742"]
[PlyCount "64"]
[EventDate "2020.??.??"]

1. e4 c5 2. Nf3 e6 3. d4 cxd4 4. Nxd4 Qb6 5. a3 Bc5 6. c3 Nc6 7. b4 Bxd4 8.
cxd4 Qxd4 9. Qxd4 Nxd4 10. Bd3 Nb3 11. Bb2 Nxa1 12. Bxa1 f6 13. O-O Ne7 14. Nd2
O-O 15. Nc4 d5 16. Ne3 Rd8 17. e5 f5 18. f4 Bd7 19. g4 g6 20. h4 a6 21. Rf2 Bb5
22. Bc2 d4 23. Nd1 Rac8 24. Bb3 Bc4 25. Bxc4 Rxc4 26. Nb2 Rc1+ 27. Rf1 Rdc8 28.
Nd3 Rxf1+ 29. Kxf1 fxg4 30. Bxd4 Rd8 31. Bc5 Rxd3 32. Bxe7 Rxa3 0-1

[Event "IV Miedzynarodowy Memorial Ireny Warakom"]
[Site "Suwalki"]
[Date "2020.08.06"]
[Round "1.16"]
[White "Ciszewski, Krzysztof"]
[Black "Dietrich, Pawel"]
[Result "1-0"]
[WhiteElo "1728"]
[BlackElo "1184"]
[PlyCount "63"]
[EventDate "2020.??.??"]

1. d4 d5 2. c4 e6 3. Nc3 Nf6 4. cxd5 exd5 5. Bg5 Be7 6. e3 O-O 7. Bd3 h6 8. Bh4
b6 9. f3 Nbd7 10. Nge2 Bb7 11. Bf2 c5 12. O-O Rc8 13. Kh1 a6 14. Ng3 Re8 15.
Nf5 cxd4 16. exd4 Bb4 17. Qd2 Qc7 18. Rac1 b5 19. a3 Bxc3 20. Rxc3 Qb8 21. Bg3
Qa7 22. Bf4 Rxc3 23. bxc3 Re6 24. Nxg7 Kxg7 25. Bxh6+ Kh8 26. Qg5 Ne8 27. Bf5
f6 28. Qg6 Re7 29. Bxd7 Qb8 30. Bxe8 Rxe8 31. Qxf6+ Kh7 32. Qg7# 1-0

[Event "IV Miedzynarodowy Memorial Ireny Warakom"]
[Site "Suwalki"]
[Date "2020.08.06"]
[Round "1.17"]
[White "Walendykiewicz, Martyna"]
[Black "Wolagiewicz, Kinga"]
[Result "1-0"]
[WhiteElo "1181"]
[BlackElo "1719"]
[PlyCount "65"]
[EventDate "2020.??.??"]

1. d4 d5 2. c4 e6 3. Nc3 Nf6 4. cxd5 exd5 5. Bg5 Be7 6. e3 O-O 7. Bd3 h6 8. Bh4
b6 9. f3 Nbd7 10. Nge2 Bb7 11. Bf2 c5 12. O-O Rc8 13. Kh1 a6 14. Ng3 Re8 15.
Nf5 cxd4 16. exd4 Bb4 17. Qd2 Qc7 18. Rac1 b5 19. a3 Bxc3 20. Rxc3 Qb8 21. Bg3
Qa7 22. Bf4 Rxc3 23. bxc3 Re6 24. Nxg7 Kxg7 25. Bxh6+ Kh8 26. Qg5 Ne8 27. Bf5
f6 28. Qg6 Re7 29. Bxd7 Qb8 30. Bxe8 Qxe8 31. Qxf6+ Kh7 32. Qh4 Qf7 33. Bf8+
1-0

[Event "IV Miedzynarodowy Memorial Ireny Warakom"]
[Site "Suwalki"]
[Date "2020.08.06"]
[Round "1.18"]
[White "Kitewski, Bartosz"]
[Black "Gladyszewski, Adam"]
[Result "1-0"]
[WhiteElo "1718"]
[BlackElo "1174"]
[PlyCount "39"]
[EventDate "2020.??.??"]

1. d4 d5 2. c4 c6 3. Nc3 Nf6 4. Bg5 Nbd7 5. Nf3 a6 6. e3 h6 7. Bxf6 Nxf6 8. Ne5
e6 9. a4 Bb4 10. Bd3 O-O 11. O-O Bd6 12. f4 Nd7 13. Qh5 Nf6 14. Qh3 dxc4 15.
Bxc4 Rb8 16. Rf3 Nd5 17. Rg3 Nxc3 18. Qxh6 Bxe5 19. fxe5 g6 20. Rh3 1-0

[Event "IV Miedzynarodowy Memorial Ireny Warakom"]
[Site "Suwalki"]
[Date "2020.08.06"]
[Round "1.19"]
[White "Pietryk, Hanna"]
[Black "Zalega, Maciej"]
[Result "0-1"]
[WhiteElo "1161"]
[BlackElo "1715"]
[PlyCount "88"]
[EventDate "2020.??.??"]

1. e4 c5 2. Nf3 d6 3. d4 cxd4 4. Nxd4 Nf6 5. Nc3 Nc6 6. Bg5 e6 7. Qd2 a6 8. f4
Bd7 9. O-O-O b5 10. Bxf6 gxf6 11. f5 b4 12. Nce2 e5 13. Nf3 Qb6 14. b3 a5 15.
a4 bxa3 16. Nc3 a4 17. Nb5 axb3 18. cxb3 Na5 19. Qa2 Bxb5 20. Bxb5+ Qxb5 21.
Rd2 Nxb3+ 22. Kd1 Nxd2 23. Nxd2 Bh6 24. Qa1 Qb2 25. Qxb2 axb2 26. Nb1 Ke7 27.
Kc2 Bc1 28. Kb3 Rhb8+ 29. Kc2 Ra4 30. Kd1 Rd4+ 31. Ke2 Rd2+ 32. Ke1 Rc8 33. Kf1
Rcc2 34. Kg1 Rxg2+ 35. Kf1 Rcf2+ 36. Ke1 Re2+ 37. Kd1 Rd2+ 38. Ke1 Rge2+ 39.
Kf1 Rf2+ 40. Kg1 Rde2 41. h3 Be3 42. Rh2 Rf3+ 43. Rf2 Rfxf2 44. Kh1 Rh2# 0-1

[Event "IV Miedzynarodowy Memorial Ireny Warakom"]
[Site "Suwalki"]
[Date "2020.08.06"]
[Round "1.20"]
[White "Kasperczyk, Szymon"]
[Black "Peksa, Zuzanna"]
[Result "0-1"]
[WhiteElo "1711"]
[BlackElo "1146"]
[PlyCount "50"]
[EventDate "2020.??.??"]

1. d4 d5 2. Bf4 Nf6 3. e3 Bf5 4. Nd2 e6 5. c4 Bd6 6. Bg5 O-O 7. cxd5 exd5 8.
Qb3 Nbd7 9. Qxb7 Rb8 10. Qxa7 Rxb2 11. Ngf3 c5 12. Qa3 Qb6 13. Nb3 Rc2 14. Qa5
c4 15. Qxb6 Nxb6 16. Nc5 Ne4 17. Nh4 Bg6 18. Nxe4 Bxe4 19. f3 Bb4+ 20. Kd1 Rd2+
21. Kc1 Rc2+ 22. Kb1 Na4 23. fxe4 Rb2+ 24. Kc1 Bd2+ 25. Kd1 Nc3# 0-1

[Event "IV Miedzynarodowy Memorial Ireny Warakom"]
[Site "Suwalki"]
[Date "2020.08.06"]
[Round "1.21"]
[White "Krzastek, Adrian"]
[Black "Wasik, Jozef"]
[Result "1/2-1/2"]
[WhiteElo "1128"]
[BlackElo "1646"]
[PlyCount "114"]
[EventDate "2020.??.??"]

1. e4 c6 2. d4 d5 3. exd5 cxd5 4. Bd3 Nc6 5. c3 Nf6 6. Bf4 g6 7. Nd2 Bg7 8.
Ngf3 O-O 9. O-O Bf5 10. Qc2 Bxd3 11. Qxd3 Qb6 12. b3 a5 13. Rfe1 a4 14. Ne5 e6
15. b4 Nxe5 16. Bxe5 Nd7 17. Bxg7 Kxg7 18. a3 Rac8 19. Rac1 Qc6 20. c4 dxc4 21.
Rxc4 Qa6 22. Rc3 Qxd3 23. Rxd3 Nf6 24. f3 Rc2 25. Kf2 Rfc8 26. Kg3 R8c3 27.
Ree3 Rc8 28. Re1 Nd5 29. Ne4 b6 30. Red1 Rb2 31. R1d2 Rb3 32. Rxb3 axb3 33. Rb2
f5 34. Nd6 Rc3 35. Nb5 Rd3 36. Kf2 f4 37. g3 g5 38. Nd6 h6 39. Nc4 Kf6 40. Ne5
Rxd4 41. Ng4+ Ke7 42. Rxb3 h5 43. Ne5 Rd2+ 44. Kg1 b5 45. Nd3 Kf6 46. Nf2 Kf5
47. Ne4 Rd1+ 48. Kf2 Ne3 49. gxf4 gxf4 50. h3 Ke5 51. Ke2 Rh1 52. Kf2 Rh2+ 53.
Ke1 Kd5 54. Rd3+ Kc4 55. Rd6 Nc2+ 56. Kf1 Nd4 57. Ra6 e5 1/2-1/2

[Event "IV Miedzynarodowy Memorial Ireny Warakom"]
[Site "Suwalki"]
[Date "2020.08.06"]
[Round "1.22"]
[White "Siekanska, Zuzanna"]
[Black "Zawal, Krzysztof"]
[Result "1-0"]
[WhiteElo "1633"]
[BlackElo "1114"]
[PlyCount "67"]
[EventDate "2020.??.??"]

1. d4 Nf6 2. c4 e6 3. Nf3 b6 4. a3 Bb7 5. Nc3 d5 6. cxd5 Nxd5 7. Bd2 Be7 8. Qc2
O-O 9. e4 Nxc3 10. Bxc3 Nd7 11. Bd3 c5 12. O-O Qc7 13. Qe2 Rac8 14. Rad1 Nf6
15. dxc5 Qxc5 16. Rc1 Qd6 17. e5 Qb8 18. exf6 Bxf6 19. Rfd1 Qc7 20. Rc2 Bxc3
21. Rxc3 Qf4 22. Qe3 Qf6 23. Rdc1 Rxc3 24. Rxc3 Rd8 25. h3 Bxf3 26. Qxf3 Qe5
27. Qe4 Qh5 28. Kh2 Qd1 29. Qxh7+ Kf8 30. Qh8+ Ke7 31. Rc7+ Rd7 32. Qh4+ f6 33.
Qb4+ Ke8 34. Bb5 1-0

[Event "IV Miedzynarodowy Memorial Ireny Warakom"]
[Site "Suwalki"]
[Date "2020.08.06"]
[Round "1.23"]
[White "Zawal, Tomasz"]
[Black "Sapinski, Sebastian"]
[Result "0-1"]
[WhiteElo "1106"]
[BlackElo "1599"]
[PlyCount "118"]
[EventDate "2020.??.??"]

1. d4 e6 2. c4 Nf6 3. Nc3 d5 4. Bg5 Be7 5. e3 O-O 6. Nf3 h6 7. Bh4 b6 8. cxd5
exd5 9. Bd3 Bb7 10. O-O Nbd7 11. Qe2 Ne4 12. Bg3 Ndf6 13. Ba6 Bxa6 14. Qxa6
Nxg3 15. fxg3 Bd6 16. Rac1 c6 17. Ne2 Qd7 18. Qa4 Rac8 19. Nf4 Rfe8 20. Rc3 g5
21. Ne2 Ne4 22. Rc2 Qb7 23. Rfc1 c5 24. Nc3 Nxc3 25. Rxc3 c4 26. Qd1 Bb4 27.
R3c2 Rxe3 28. a3 Bd6 29. Qd2 Rce8 30. Re1 Rxe1+ 31. Nxe1 Qe7 32. Nf3 f5 33. Kf1
f4 34. g4 Qe3 35. Qd1 Qb3 36. Qb1 Qd3+ 37. Kg1 Re2 38. Rc1 Qxb1 39. Rxb1 Kf7
40. Kf1 Rc2 41. Ne1 Rd2 42. Nf3 Rd3 43. Re1 b5 44. Kf2 a5 45. Ra1 Rb3 46. Ra2
c3 47. bxc3 Rxc3 48. Rb2 b4 49. axb4 axb4 50. Ne5+ Bxe5 51. dxe5 b3 52. Ke1 Ke6
53. Kd2 d4 54. Rb1 Kxe5 55. Re1+ Re3 56. Rb1 Ke4 57. Rb2 f3 58. gxf3+ Kxf3 59.
Rb1 Kxg4 0-1

[Event "IV Miedzynarodowy Memorial Ireny Warakom"]
[Site "Suwalki"]
[Date "2020.08.06"]
[Round "1.24"]
[White "Pieczulis, Blazej"]
[Black "Borowik, Grzegorz"]
[Result "1-0"]
[WhiteElo "1595"]
[BlackElo "1089"]
[PlyCount "56"]
[EventDate "2020.??.??"]

1. d4 Nf6 2. Nf3 g6 3. c4 Bg7 4. Nc3 O-O 5. Bg5 d6 6. e3 Nbd7 7. Be2 c5 8. O-O
Ne8 9. Rc1 f5 10. Nd5 Nef6 11. dxc5 Nxc5 12. Bxf6 exf6 13. Nd4 a6 14. b4 Ne4
15. Qc2 Bd7 16. Rfd1 Re8 17. Qb3 Kh8 18. a4 Bh6 19. Rd3 Bc6 20. Nxc6 bxc6 21.
Nc3 Qb6 22. Nxe4 Rxe4 23. Bf3 Re6 24. b5 Rae8 25. bxc6 Rxe3 26. fxe3 Qxb3 27.
Rxb3 Bxe3+ 28. Rxe3 Rxe3 1-0

[Event "IV Miedzynarodowy Memorial Ireny Warakom"]
[Site "Suwalki"]
[Date "2020.08.06"]
[Round "1.25"]
[White "Maliszewski, Stefan"]
[Black "Kaznowska, Weronika"]
[Result "0-1"]
[WhiteElo "1083"]
[BlackElo "1594"]
[PlyCount "54"]
[EventDate "2020.??.??"]

1. e4 Nc6 2. Nf3 f5 3. Nc3 fxe4 4. Nxe4 d5 5. Nc5 e5 6. Nb3 Nf6 7. Bb5 Bd6 8.
O-O O-O 9. d4 e4 10. Ne1 Ng4 11. f4 Qh4 12. h3 Nh6 13. Qd2 Rf6 14. Qf2 Qh5 15.
c3 g5 16. Qg3 Rg6 17. Qf2 g4 18. hxg4 Nxg4 19. Qg3 Rh6 20. Qh3 Qxh3 21. gxh3
Rxh3 22. Kg2 Rh2+ 23. Kg3 h5 24. Ng2 Ne7 25. Nh4 Nf5+ 26. Nxf5 Bxf5 27. Nc5 h4#
0-1

[Event "IV Miedzynarodowy Memorial Ireny Warakom"]
[Site "Suwalki"]
[Date "2020.08.06"]
[Round "1.26"]
[White "Racis, Michal"]
[Black "Zalega, Joanna"]
[Result "1-0"]
[WhiteElo "1554"]
[BlackElo "1072"]
[PlyCount "75"]
[EventDate "2020.??.??"]

1. d4 Nf6 2. Bg5 e6 3. Nf3 b6 4. e3 Bb7 5. Bd3 Be7 6. Nbd2 d6 7. c3 c5 8. Qc2
h6 9. Bf4 Nbd7 10. Rd1 O-O 11. O-O Nh5 12. Bg3 Nxg3 13. fxg3 Nf6 14. e4 cxd4
15. Nxd4 Qc7 16. N2f3 Rac8 17. Kh1 a6 18. Qe2 b5 19. Bb1 Qc4 20. Bd3 Qc7 21.
Rde1 Nd7 22. Bb1 Ne5 23. Nd2 Bf6 24. Rf2 Rfd8 25. Ref1 Rd7 26. a3 Bg5 27. N2f3
Ng4 28. Nxg5 Nxf2+ 29. Rxf2 hxg5 30. Qh5 Re7 31. e5 g6 32. Bxg6 fxg6 33. Qxg6+
Rg7 34. Qxe6+ Kh7 35. Qh3+ Kg8 36. Qe6+ Kh7 37. Rf6 Qd8 38. Rh6# 1-0

[Event "IV Miedzynarodowy Memorial Ireny Warakom"]
[Site "Suwalki"]
[Date "2020.08.06"]
[Round "1.27"]
[White "Peksa, Piotr"]
[Black "Lukasik, Zuzanna"]
[Result "0-1"]
[WhiteElo "1018"]
[BlackElo "1553"]
[PlyCount "142"]
[EventDate "2020.??.??"]

1. c4 e5 2. Nc3 d6 3. g3 Nf6 4. Bg2 Nc6 5. e3 Be6 6. d3 Qd7 7. Nd5 Bxd5 8. cxd5
Ne7 9. e4 c6 10. dxc6 bxc6 11. Ne2 d5 12. Bg5 Qe6 13. O-O Nd7 14. Bxe7 Bxe7 15.
exd5 cxd5 16. f4 O-O 17. fxe5 Qxe5 18. d4 Qd6 19. Nf4 Nb6 20. Re1 Bf6 21. Qd3
Rfe8 22. b3 Qb4 23. Rxe8+ Rxe8 24. Rd1 Re1+ 25. Rxe1 Qxe1+ 26. Bf1 Qa1 27. Ne2
Qxa2 28. Qe3 g6 29. Bg2 Qb1+ 30. Kf2 Kg7 31. Nf4 Qb2+ 32. Ne2 Qc2 33. h4 h5 34.
Bf3 a5 35. Bg2 a4 36. bxa4 Qxa4 37. Bf3 Qc2 38. Bg2 Nc4 39. Qf4 Nb2 40. Kf3 Nd3
41. Qe3 Qd1 42. Bh3 Qh1+ 43. Bg2 Ne1+ 44. Kf2 Nxg2 45. Qf3 Qd1 46. Kxg2 Bxd4
47. Qf1 Qxf1+ 48. Kxf1 Be5 49. Kf2 Kf6 50. Kf3 Ke6 51. g4 hxg4+ 52. Kxg4 d4 53.
Nc1 Kd5 54. h5 gxh5+ 55. Kxh5 Ke4 56. Kg4 f5+ 57. Kh3 Ke3 58. Kg2 d3 59. Nxd3
Kxd3 60. Kf3 f4 61. Kf2 Ke4 62. Ke2 Bd4 63. Kf1 Ke3 64. Ke1 f3 65. Kf1 f2 66.
Kg2 Ke2 67. Kg3 f1=Q 68. Kg4 Qf6 69. Kg3 Qf3+ 70. Kh2 Be5+ 71. Kg1 Qf1# 0-1

[Event "IV Miedzynarodowy Memorial Ireny Warakom"]
[Site "Suwalki"]
[Date "2020.08.06"]
[Round "1.28"]
[White "Stefaniuk, Zbigniew"]
[Black "Owczarz, Michal"]
[Result "1-0"]
[WhiteElo "1538"]
[BlackElo "1018"]
[PlyCount "29"]
[EventDate "2020.??.??"]

1. e4 c5 2. Nf3 Nc6 3. d4 cxd4 4. Nxd4 Nf6 5. Nc3 e5 6. Ndb5 d6 7. Bg5 Be7 8.
Bxf6 gxf6 9. Nd5 Qa5+ 10. c3 Bd8 11. b4 a6 12. Nxd6+ Kd7 13. bxa5 Kxd6 14. Nb6+
Kc5 15. Na4# 1-0

[Event "IV Miedzynarodowy Memorial Ireny Warakom"]
[Site "Suwalki"]
[Date "2020.08.06"]
[Round "1.29"]
[White "Kaznowska, Kinga"]
[Black "Borowik, Karol"]
[Result "0-1"]
[WhiteElo "1007"]
[BlackElo "1472"]
[PlyCount "124"]
[EventDate "2020.??.??"]

1. e4 c5 2. Nf3 d6 3. d4 cxd4 4. Nxd4 Nf6 5. Nc3 a6 6. a4 e5 7. Nf3 Be7 8. Bc4
O-O 9. O-O Nbd7 10. Be3 Ng4 11. Nd5 Nxe3 12. Nxe3 Nc5 13. Bd3 Bd7 14. b3 Bc6
15. Nd2 Bg5 16. Nec4 f5 17. exf5 e4 18. Be2 Rxf5 19. Ne3 Rf8 20. Ndc4 d5 21.
Ne5 Bf4 22. Nxc6 bxc6 23. b4 Nd7 24. Rb1 Qg5 25. Rb3 Ne5 26. g3 Bxe3 27. Rxe3
Rad8 28. f4 exf3 29. Rxe5 Qxe5 30. Rxf3 Rxf3 31. Bxf3 Rf8 32. Kg2 Re8 33. b5
axb5 34. axb5 cxb5 35. Qxd5+ Qxd5 36. Bxd5+ Kf8 37. Bb3 Re2+ 38. Kg1 Ke7 39. h4
Re3 40. Kf2 Rc3 41. Kg2 Kf6 42. g4 h6 43. Kf2 g5 44. h5 Ke5 45. Kg2 Kf4 46. Kh2
Kxg4 47. Kg2 Kxh5 48. Bf7+ Kh4 49. Bb3 g4 50. Kh2 h5 51. Kg2 g3 52. Kh1 Kg4 53.
Kg2 h4 54. Be6+ Kf4 55. Bb3 Ke3 56. Kg1 h3 57. Be6 Rxc2 58. Bxh3 Kf3 59. Bg2+
Rxg2+ 60. Kf1 Ra2 61. Kg1 b4 62. Kf1 Ra1# 0-1